000 00419nam a22001697a 4500
003 OSt
005 20170105103443.0
008 120507t xxu||||| |||| 00| 0 eng d
020 _a 0412379708
040 _cASAB
100 _aT A Brown
_9258
245 _aGENETICS A Molecular approach
_cT A Brown
260 _b London ; New York
_a Chapman and Hall
300 _a385 p.
650 _aGenetics
_9259
942 _2lcc
_cBK
999 _c16532
_d16532